000 01146nam a22002777a 4500
001 BD-DhSAU
003 BD-DhSAU
005 20241230155719.0
008 150420b2005 bg ||||| m||| 00| 0 eng d
040 _aBD-DhSAU
082 _222
_a571.92
_bM67
100 _aISLAM, MIR RUKAIYA
_eRegistration No. # 16-07395
245 _aIsolation, identification and evaluation of root endophytes of lentil against sclerotium rolfsii causing foot and root rot of lentil (lens culinaris) /
_bMS thesis
260 _aSher-e-Bangla Agricultural University:
_bDepartment of Plant Pathology,
_c2023.
300 _aviii, 43p. ;
_c30 cm.
500 _aMS thesis of Department of Plant Pathology, Faculty of Agriculture , Sher-e-Bangla Agricultural University, Dhaka, Bangladesh
504 _aIncludes bibliographical reference.
590 _aNazmul
650 _aroot endophytes of lentil
651 _arolfsii causing foot and root rot
654 _alentil (lens culinaris)
700 _aProf. Dr. F. M. Aminuzzaman
_eSuperviser
700 _aProf. Dr. M. Salahuddin M. Chowdhury
_eCo-superviser
942 _2ddc
_cTHESIS
999 _c17732
_d17731